|
|
|
|
| LEADER |
01345nam a2200325 a 4500 |
| 001 |
39278 |
| 003 |
BD-DhAAL |
| 005 |
20220804150909.0 |
| 008 |
220804t2003 enkab b 001 0 eng d |
| 999 |
|
|
|c 44742
|d 44742
|
| 010 |
|
|
|a 2002014475
|
| 020 |
|
|
|a 0195052862 (acidfree paper)
|
| 020 |
|
|
|a 9780195052862
|
| 040 |
|
|
|a DLC
|c DLC
|d DLC
|d BD-DhAAL
|
| 043 |
|
|
|a a-vt---
|
| 050 |
0 |
0 |
|a DS557.7
|b .J67 2003
|
| 082 |
0 |
0 |
|a 959.7043
|2 21
|
| 100 |
1 |
|
|a Jones, Howard,
|d 1940-
|9 50631
|
| 245 |
1 |
0 |
|a Death of a generation :
|b how the assassinations of Diem and JFK prolonged the Vietnam War /
|c Howard Jones.
|
| 260 |
|
|
|a Oxford ;
|a New York :
|b Oxford University Press,
|c 2003.
|
| 300 |
|
|
|a x, 562 pages :
|b illustrations, map ;
|c 25 cm.
|
| 504 |
|
|
|a Includes bibliographical references (pages [457]-546) and index.
|
| 541 |
|
|
|a Donated By Akbar Ali Khan
|e 39278
|
| 600 |
1 |
0 |
|a Kennedy, John F.
|q (John Fitzgerald),
|d 1917-1963
|x Assassination.
|9 50632
|
| 600 |
1 |
0 |
|a Ngô, Đình Diệm,
|d 1901-1963
|x Assassination.
|9 50633
|
| 650 |
|
0 |
|a Vietnam War, 1961-1975.
|9 50634
|
| 650 |
|
0 |
|a History.
|9 50635
|
| 852 |
|
|
|a Ayesha Abed Library
|c Akbar Ali Khan Collection
|
| 942 |
|
|
|2 ddc
|c BK
|
| 952 |
|
|
|0 0
|1 0
|2 ddc
|4 0
|6 959_704300000000000_JON
|7 1
|9 71558
|a BRACUL
|b BRACUL
|c AAKC
|d 2022-08-04
|e Donated by Akbar Ali Khan
|l 0
|o 959.7043 JON
|p 3010039278
|r 2022-08-04
|t 1
|w 2022-08-04
|y BK
|